LDR 00728naa#a2200193#i#450# 001 EN\INFRA-M\bibl\109237 005 20260426093010.7 011 ## _a2500-0535 100 ## _a20251210b2025####ek#y0engy0150####ca 101 0# _aENG 102 ## _aRU 200 1# _aCoherence time scales of long-period ULF variations of magnetic field in vicinity of the night-side magnetopause _eJournal article 210 1# _aMoscow _cINFRA-M Academic Publishing LLC. _d2025 215 ## _a9 с. 608 ## _aJournal article _2local 675 ## _aПроходящие магнитные явления: изменения, колебания и бури. 550.385 _zENG 700 #1 _aStukov _gDanila Alekseevich 700 #1 _aYagova _gNadezda Viktorovna 856 4# _anaukaru.ru _u